MARC

LEADER 00000nam0a2200000 4500
001 331478
005 20231102004348.0
035 |a (RuTPU)RU\TPU\book\357305 
035 |a RU\TPU\book\357304 
090 |a 331478 
100 |a 20170425d1978 k y0rusy50 ca 
101 0 |a rus 
102 |a UZ 
105 |a a z 001zy 
200 1 |a Автоматизация производственных процессов  |e [сборник статей]  |f Ташкентский политехнический институт ; отв. ред. Н. Р. Юсупбекова 
210 |a Ташкент  |c Изд-во ТашПИ  |d 1978 
215 |a 156 с.  |c ил. 
225 1 |a Сборник научных трудов  |v Вып. 250 
320 |a Библиография в конце глав. 
606 1 |a Химические производства  |x Автоматизация  |2 stltpush  |3 (RuTPU)RU\TPU\subj\31010  |9 53991 
610 1 |a производственные процессы 
610 1 |a АСУТП 
610 1 |a автоматизированные системы управления технологическими процессами 
610 1 |a математические модели 
610 1 |a технологические процессы 
610 1 |a сушка 
610 1 |a дистилляция 
610 1 |a отгонка 
610 1 |a расходомеры 
610 1 |a контрольно-измерительная аппаратура 
675 |a 66.012-52  |v 3 
702 1 |a Юсупбекова  |b Н. Р.  |4 340 
712 0 2 |a Ташкентский политехнический институт  |2 stltpush  |3 (RuTPU)RU\TPU\col\6741 
801 1 |a RU  |b 63413507  |c 20051118  |g PSBO 
801 2 |a RU  |b 63413507  |c 20170620  |g PSBO 
942 |c BK